000 00748nam a2200205Ia 4500
008 241004s9999 xx 000 0 und d
020 _a9789383221417
037 _aTextbook
040 _aARTS
_beng
_cARTS
041 _aeng
_2eng
084 _aV2:710aNA44,C R2
_qARTS
100 _aPatil C. B. Ed.; Vinay Kumar Ed.
_9724751
245 _aNew facets of early historical archaeology and buddhist art and architecture: (essays in honour of Dr. R.C. Agrawal)
_cPatil C. B. Ed.; Vinay Kumar Ed.
260 _aIndia
_bDelhi Sharada Publishing House
_c2022
300 _axxxvi,332p.
365 _aINR
_b6900
650 _aHistory-India Arts Architecture
_9724752
942 _cTB
_hV2:710aNA44,C R2
999 _c1218917
_d1218917